| 000 | 00415nam a2200157Ia 4500 | ||
|---|---|---|---|
| 008 | 230312s9999||||xx |||||||||||||| ||und|| | ||
| 020 | _a1-55850-511-3 | ||
| 082 |
_a658.85 _bSCH |
||
| 100 | _aStephan Schiffman | ||
| 245 | 0 | _a25 Most Common Sales Mistakes | |
| 260 |
_bAdams Media _aMassachusetts _c2005 |
||
| 300 | _a124 | ||
| 546 | _aEng. | ||
| 650 |
_aManagement _vIntroduction, Not Being Obsessed. |
||
| 942 | _cBK | ||
| 999 |
_c284 _d284 |
||